| 000 | 00688nam a22001937a 4500 | ||
|---|---|---|---|
| 005 | 20161116143026.0 | ||
| 010 | _aENG-116569 | ||
| 020 |
_a9781107061705 _c875.00 |
||
| 035 | _aEN-100101 | ||
| 037 | _bDBAD/PUB | ||
| 082 | _a954.52035 | ||
| 100 | _aSengupta, Debjani | ||
| 245 |
_aThe partition of Bengal : _bfragile borders and new identities / _cby Debjani Sengupta |
||
| 260 |
_aDelhi _bCambridge University Press _c2016 |
||
| 270 |
_a4843/24, 2nd Floor, Ansari Road, Daryaganj, _bDelhi _e110002 _k9781107061705 _mwww.cambridge.org |
||
| 300 |
_axii,274p. _c24cm(Hb) |
||
| 500 | _aIncludes bibliographical reference and index | ||
| 942 |
_2ddc _cEN _h954.52035 _mSEN |
||
| 999 |
_c104645 _d104645 |
||